The dying game / (Record no. 23778)

MARC details
000 -LEADER
fixed length control field 02093nam a22003131 4500
005 - DATE AND TIME OF LATEST TRANSACTION
control field 20050808122104.0
008 - FIXED-LENGTH DATA ELEMENTS--GENERAL INFORMATION
fixed length control field 721219s1962 nyu 000 0 eng
010 ## - LCCN (DPL NO)
LC control number B-346798-804
020 ## - INTERNATIONAL STANDARD BOOK NUMBER
International Standard Book Number 9780007276639
Terms of availability 225.00
020 ## - INTERNATIONAL STANDARD BOOK NUMBER
International Standard Book Number 9780007276639
Terms of availability 225.00
035 ## - SYSTEM CONTROL NUMBER
System control number B-346798-804
037 ## - SOURCE OF ACQUISITION
Source of stock number/acquisition Aakar Books
040 ## - CATALOGING SOURCE
Original cataloging agency dpl
Language of cataloging English
082 ## - DEWEY DECIMAL CLASSIFICATION NUMBER
Classification number N
100 ## - MAIN ENTRY--PERSONAL NAME
Personal name Barton, Beverly
245 ## - TITLE STATEMENT
Title The dying game /
Statement of responsibility, etc by Beverly Barton
260 ## - PUBLICATION, DISTRIBUTION, ETC. (IMPRINT)
Place of publication, distribution, etc London
Name of publisher, distributor, etc Harper-Collins Publishers
Date of publication, distribution, etc 2008
270 ## - ADDRESS
Address 77-85 Fullham Palace Road
City , London
Postal code W6 8JB
300 ## - PHYSICAL DESCRIPTION
Extent 447p
Dimensions 18 cm (pbk)
942 ## - ADDED ENTRY ELEMENTS (KOHA)
Source of classification or shelving scheme Dewey Decimal Classification
Item type English Books
Classification part N
Call number suffix BAR
Holdings
Withdrawn status Lost status Source of classification or shelving scheme Damaged status Not for loan Collection code Home library Current library Date acquired Source of acquisition Cost, normal purchase price Total Checkouts Full call number Barcode Date last seen Copy number Cost, replacement price Koha item type Total Renewals
  Written-off vide DLB M. No. 383 dt 16.05.19 Dewey Decimal Classification     Fiction Central Library Central Library 25/09/2009 Aakar Books /I-173/22.6.09/18/6.7.09/6.7.09 225.00   N BAR B-346798 25/09/2009 1 225.00 English Books  
    Dewey Decimal Classification     Fiction Janak Puri Janak Puri 25/09/2009 Aakar Books /I-173/22.6.09/18/6.7.09/6.7.09 225.00 44 N BAR B-346800 12/02/2013 1 225.00 English Books 4
  Written-off vide DLB M. No. 383 dt 16.05.19 Dewey Decimal Classification     Fiction Karol Bagh Karol Bagh 25/09/2009 Aakar Books /I-173/22.6.09/18/6.7.09/6.7.09 225.00   N BAR B-346803 25/09/2009 1 225.00 English Books  
    Dewey Decimal Classification     Fiction Patel Nagar Patel Nagar 25/09/2009 Aakar Books /I-173/22.6.09/18/6.7.09/6.7.09 225.00   N BAR B-346799 25/09/2009 1 225.00 English Books  
    Dewey Decimal Classification     Fiction Sarojini Nagar Sarojini Nagar 25/09/2009 Aakar Books /I-173/22.6.09/18/6.7.09/6.7.09 225.00   N BAR B-346801 25/09/2009 1 225.00 English Books  
    Dewey Decimal Classification     Fiction Shahdara Branch Shahdara Branch 25/09/2009 Aakar Books /I-173/22.6.09/18/6.7.09/6.7.09 225.00 3 N BAR B-346804 23/09/2024 1 225.00 English Books 2
    Dewey Decimal Classification     Fiction Vinoba Puri Vinoba Puri 25/09/2009 Aakar Books /I-173/22.6.09/18/6.7.09/6.7.09 225.00 26 N BAR B-346802 09/12/2019 1 225.00 English Books 7

© Delhi Public Library
Hit Counter
free hit counter